• 首页
  • 本馆介绍
  • 公告通知
  • 最新文献
  • 馆藏检索
  • 电子资源
  • 读者导购
  • 参考咨询
  • 我的图书馆
  • 登录
  • 详细信息显示
  • 放入我的书架
  • 预约/预借图书
  • 作者相关作品
  • 分类相关作品
  • 丛书相关作品
  • 出版社相关作品

书目信息

  • 表格格式
  • 工作单格式
  • 卡片格式
题名:
中外文化交流探绎
    
 
作者: 陈万成 著
分册:  
出版信息: 北京   中华书局  2010.11
页数: 323页
开本: 21cm
丛书名:
单 册:
中图分类: K203-53
科图分类:
主题词: 中外关系--文化交流--文化史--文集 , 中外关系 , 文化交流
电子资源:
ISBN: 978-7-101-07283-9
000 00869nam0 2200253 450
001 004754238
005 20120626150454.65
010    @a978-7-101-07283-9@dCNY27.00
100    @a20110113d2010 em y0chiy0110 ea
101 0  @achi
102    @aCN@b110000
105    @aa z 000yy
106    @ar
200 1  @a中外文化交流探绎@9zhong wai wen hua jiao liu tan yi@e星学·医学·其他@f陈万成著
210    @a北京@c中华书局@d2010.11
215    @a323页@c图@d21cm
330    @a本书分为“星学”和“医学·翻译·其他”两大部分,共收录了十二篇文章,主要包括:景德二年板刻《大随求陀罗尼经》与黄道十二宫图像;唐元五星图像的来历──从永乐宫壁画说起等。
606 0  @a中外关系@x文化交流@x文化史@j文集
606 0  @a中外关系
606 0  @a文化交流
690    @aK203-53@v4
701  0 @a陈万成@9chen wan cheng@4著
801  0 @aCN@bNLC@c20110113
905    @b540920-24@dK203-53@e137@f5
    
    中外文化交流探绎:星学·医学·其他/陈万成著.-北京:中华书局,2010.11
    323页:图;21cm
    
    
    ISBN 978-7-101-07283-9:CNY27.00
    本书分为“星学”和“医学·翻译·其他”两大部分,共收录了十二篇文章,主要包括:景德二年板刻《大随求陀罗尼经》与黄道十二宫图像;唐元五星图像的来历──从永乐宫壁画说起等。
●
相关链接 在E读中查询图书 在五车中查询图书 在当当中查询图书 在豆瓣中查询图书


正题名:中外文化交流探绎     索取号:K203-53/137         预约/预借

序号 登录号 条形码 馆藏地/架位号 状态 备注
1 540920   205409208   第二样本阅览室/ [索取号:K203-53/137] 在馆    
2 540921   205409217   第二借阅区/ [索取号:K203-53/137] 在馆    
3 540922   205409226   第二借阅区/ [索取号:K203-53/137] 在馆    
4 540923   205409235   密集书库-史法系/ [索取号:K203-53/137] 在馆    
5 540924   205409244   第二借阅区/ [索取号:K203-53/137] 在馆    
唐山师范学院图书馆 欢迎您!
大连网信软件有限公司© 版权所有